Statistics for Name a Valid Disney Animated Movie by Decade

Click here to take the quiz!

General Stats

  • This quiz has been taken 71 times
  • The average score is 7 of 10

Answer Stats

Decade#Movies% Correct
1930s1Snow White and the Seven Dwarfs
90%
2010s9Tangled | Winnie the Pooh | Wreck-It Ralph | Frozen | Big Hero 6 | Zootopia | Moana |
Ralph Breaks the Internet | Frozen 2
90%
1950s5Cinderella | Alice in Wonderland | Peter Pan | Lady and the Tramp | Sleeping Beauty
89%
1990s10The Rescuers Down Under | Beauty and the Beast | Aladdin | The Lion King | Pocahontas | The Hunchback of Notre Dame | Hercules | Mulan | Tarzan | Fantasia 2000
84%
1940s10Pinocchio | Fantasia | Dumbo | Bambi | Saludos Amigos | The Three Caballeros | Make Mine Music | Fun and Fancy Free | Melody Time | The Adventures of Ichabod and Mr. Toad
81%
2020s4Raya and the Last Dragon | Encanto | Strange World | Wish
75%
1980s5The Fox and the Hound | The Black Cauldron | The Great Mouse Detective | Oliver & Company | The Little Mermaid
62%
2000s11Dinosaur | The Emperor's New Groove | Atlantis: The Lost Empire | Lilo & Stitch | Treasure Planet | Brother Bear | Home on the Range | Chicken Little | Meet the Robinsons | Bolt |
The Princess and the Frog
60%
1960s3One Hundred and One Dalmatians | The Sword in the Stone | The Jungle Book
56%
1970s4The Aristocats | Robin Hood | The Many Adventures of Winnie the Pooh | The Rescuers
56%

Score Distribution

Percentile by Number Answered

Percent of People with Each Score

Your Score History

You have not taken this quiz